Central Library OPAC University of Rajshahi

FORTRAN 77 : (Record no. 627)

MARC details
000 -LEADER
fixed length control field 00875cam a2200289 a 4500
001 - CONTROL NUMBER
control field 627
003 - CONTROL NUMBER IDENTIFIER
rucl marc code BD-RjUL
005 - DATE AND TIME OF LATEST TRANSACTION
control field 20211208233217.0
008 - FIXED-LENGTH DATA ELEMENTS--GENERAL INFORMATION
fixed length control field 131119s1988 nyua 001 0 eng
020 ## - INTERNATIONAL STANDARD BOOK NUMBER
International Standard Book Number 007015905X (pbk.)
035 ## - SYSTEM CONTROL NUMBER
System control number (BD-RjUL) 645
040 ## - CATALOGING SOURCE
Original cataloging agency DLC
Transcribing agency DLC
Modifying agency DLC
Language of cataloging eng
041 ## - LANGUAGE CODE
Language code of text/sound track or separate title eng
082 00 - DEWEY DECIMAL CLASSIFICATION NUMBER
Classification number 005.133
Edition number 19
Author mark and year DAF 1988
100 1# - MAIN ENTRY--PERSONAL NAME
Personal name Davis, Gordon B.
9 (RLIN) 1908
245 10 - TITLE STATEMENT
Title FORTRAN 77 :
Remainder of title a structured, disciplined style /
Statement of responsibility, etc. Gordon B. Davis, Thomas R. Hoffmann.
250 ## - EDITION STATEMENT
Edition statement 3rd ed.
260 ## - PUBLICATION, DISTRIBUTION, ETC. (IMPRINT)
Place of publication, distribution, etc. New York :
Name of publisher, distributor, etc. McGraw-Hill,
Date of publication, distribution, etc. C-1988.
300 ## - PHYSICAL DESCRIPTION
Pagination ix, 434 p. :
Illustrations col. ill. ;
Size 28 cm.
500 ## - GENERAL NOTE
General note Includes index.
650 #0 - SUBJECT ADDED ENTRY--TOPICAL TERM
Topical term or geographic name as entry element FORTRAN 77 (Computer program language)
9 (RLIN) 1909
Topical term or geographic name as entry element Structured programming.
9 (RLIN) 1910
700 1# - ADDED ENTRY--PERSONAL NAME
Personal name Hoffmann, Thomas Russell,
Dates associated with a name 1933-
942 ## - ADDED ENTRY ELEMENTS (KOHA)
Source of classification or shelving scheme Dewey Decimal Classification
Koha item type Books
Holdings
Lost status Source of classification or shelving scheme Damaged status Not for loan Collection code Permanent Location Current Location Shelving location Date acquired Source of acquisition Cost, normal purchase price Total Checkouts Full call number Date last seen Copy number Koha item type
  Dewey Decimal Classification     Non-fiction Central Library, University of Rajshahi Central Library, University of Rajshahi   09/07/1997 Syntex 69.50   005.133 DAF 1988 19/11/2013 C-4 Books